<?xml version="1.0" encoding="UTF-8"?>
<record
    xmlns:xsi="http://www.w3.org/2001/XMLSchema-instance"
    xsi:schemaLocation="http://www.loc.gov/MARC21/slim http://www.loc.gov/standards/marcxml/schema/MARC21slim.xsd"
    xmlns="http://www.loc.gov/MARC21/slim">

  <leader>00363    a2200133   4500</leader>
  <controlfield tag="005">20250603054841.0</controlfield>
  <datafield tag="020" ind1=" " ind2=" ">
    <subfield code="a">81-219-3641-1</subfield>
  </datafield>
  <datafield tag="100" ind1=" " ind2=" ">
    <subfield code="a">TULSIAN, P.C</subfield>
  </datafield>
  <datafield tag="245" ind1=" " ind2=" ">
    <subfield code="a">Tulsian's Business and Corporate Laws</subfield>
  </datafield>
  <datafield tag="250" ind1=" " ind2=" ">
    <subfield code="a">1st Ed.</subfield>
  </datafield>
  <datafield tag="260" ind1=" " ind2=" ">
    <subfield code="a">New Delhi</subfield>
    <subfield code="b">S. Chand &amp; Company LTD.</subfield>
    <subfield code="c">2011</subfield>
  </datafield>
  <datafield tag="300" ind1=" " ind2=" ">
    <subfield code="a">viii, 572p.: ill; tables.</subfield>
    <subfield code="b">Appendix,</subfield>
    <subfield code="c">24.2 cm</subfield>
  </datafield>
  <datafield tag="942" ind1=" " ind2=" ">
    <subfield code="2">ddc</subfield>
    <subfield code="c">BKS</subfield>
  </datafield>
  <datafield tag="999" ind1=" " ind2=" ">
    <subfield code="c">3057</subfield>
    <subfield code="d">3057</subfield>
  </datafield>
  <datafield tag="952" ind1=" " ind2=" ">
    <subfield code="r">2025-06-03 05:52:42</subfield>
    <subfield code="l">0</subfield>
    <subfield code="o">346.07 TUL</subfield>
    <subfield code="p">MBY00026</subfield>
    <subfield code="v">180000.00</subfield>
    <subfield code="w">2025-06-03</subfield>
    <subfield code="y">BKS</subfield>
    <subfield code="1">0</subfield>
    <subfield code="2">ddc</subfield>
    <subfield code="4">0</subfield>
    <subfield code="7">0</subfield>
    <subfield code="0">0</subfield>
    <subfield code="a">002</subfield>
    <subfield code="b">002</subfield>
    <subfield code="c">SPECIAL</subfield>
    <subfield code="d">2025-02-21</subfield>
    <subfield code="e">PURCHASE</subfield>
    <subfield code="g">60000.00</subfield>
  </datafield>
  <datafield tag="952" ind1=" " ind2=" ">
    <subfield code="r">2025-06-03 05:54:57</subfield>
    <subfield code="l">0</subfield>
    <subfield code="o">346.07 TUL</subfield>
    <subfield code="p">MBY00027</subfield>
    <subfield code="v">180000.00</subfield>
    <subfield code="w">2025-06-03</subfield>
    <subfield code="y">BKS</subfield>
    <subfield code="1">0</subfield>
    <subfield code="2">ddc</subfield>
    <subfield code="4">0</subfield>
    <subfield code="7">0</subfield>
    <subfield code="0">0</subfield>
    <subfield code="a">002</subfield>
    <subfield code="b">002</subfield>
    <subfield code="c">GEN</subfield>
    <subfield code="d">2025-02-21</subfield>
    <subfield code="e">PURCHASE</subfield>
    <subfield code="g">60000.00</subfield>
  </datafield>
</record>
